000 00443cam a2200181ua 4500
001 6101
008 131120n ii |||gr||||Z||||||eng
040 _cMAIN
082 _a658.1511
245 _aManagement Accountancy
_cBy N. Sarkar
250 _a2nd ed.
260 _aCalcutta:
_bAcademic Publishers,
_c1969.
300 _axi,224p.
653 _aCommerce
653 _aManagement Accountancy
700 _aSarkar,N.,
_eAuthor.
942 _cBK
999 _c5254
_d5254